[Event "Challenge"]
[Site "http://www.queenalice.com/game.php?id=349322"]
[Date "2008.2.6"]
[Round "-"]
[White "fernando1971"]
[Black "Edgar"]
[Result "1/2-1/2"]
[WhiteElo "2174"]
[BlackElo "2200"]

1. d4 d6 2. e4 Nf6 3. Nc3 g6 4. Nf3 Bg7 5. Bd3 O-O 6. Be3 Ng4 7. Bg5 h6 8. Bh4
c5 9. dxc5 dxc5 10. Qd2 Nc6 11. O-O-O Be6 12. h3 Nge5 13. Nxe5 Nxe5 14. Be2 g5
15. Bg3 Nc4 16. Bxc4 Bxc4 17. f4 Qxd2+ 18. Rxd2 Bxc3 19. bxc3 Bxa2 20. fxg5 hxg5
21. Rd7 b6 22. Rxe7 Rfe8 23. Bd6 Kg7 24. Rf1 Kg6 25. e5 Rxe7 26. Bxe7 Re8 27.
Bf6 a5 28. Kb2 Be6 29. Rf3 b5 30. Rg3 g4 31. hxg4 a4 32. Ka3 c4 33. g5 1/2-1/2

[Event "Challenge"]
[Site "http://www.queenalice.com/game.php?id=350064"]
[Date "2008.2.7"]
[Round "-"]
[White "CesarLMarques"]
[Black "Edgar"]
[Result "1/2-1/2"]
[WhiteElo "2346"]
[BlackElo "2217"]

1. e4 e5 2. Nf3 d6 3. Nc3 Nc6 4. d4 Bg4 5. Bb5 exd4 6. Qxd4 Nf6 7. Qc4 Bd7 8.
O-O Be7 9. Be3 O-O 10. Rad1 a6 11. Bxc6 bxc6 12. Bf4 Rb8 13. b3 Qc8 14. e5 d5
15. Qe2 Nh5 16. Be3 Re8 17. Na4 Rb4 18. Qd2 Rg4 19. Ne1 Rg6 20. f3 f6 21. Nd3
Bh3 22. Rf2 Bf5 23. f4 fxe5 24. Nxe5 Re6 25. g4 Rxe5 26. fxe5 Bxg4 27. Rdf1 Bh3
28. Qe2 Bxf1 29. Rxf1 Qh3 30. Qf3 Qxf3 31. Rxf3 g6 32. Nb2 Bb4 33. Nd3 Bc3 34.
Bc5 Ng7 35. Rf6 Ne6 36. Bf2 Kg7 37. Bg3 Nd4 38. Nc5 a5 39. Kg2 Bb4 40. Nd3 c5
41. c4 dxc4 42. bxc4 Rf8 43. Bh4 h6 44. Ra6 Rf3 45. Nxb4 axb4 46. Be7 Rc3 47.
Bxc5 Rxc4 48. Bxd4 Rxd4 49. Rc6 Rd2+ 50. Kg3 Rxa2 51. Rxc7+ Kf8 52. Rb7 Rb2 53.
h4 b3 54. e6 Rb1 55. Rf7+ Ke8 56. Rb7 b2 57. Kh2 g5 58. hxg5 hxg5 59. Kg2 g4 60.
Kh2 g3+ 61. Kg2 Kd8 62. Rb5 Ke7 63. Rb6 Kf6 64. Rb7 1/2-1/2

[Event "Challenge"]
[Site "http://www.queenalice.com/game.php?id=350065"]
[Date "2008.2.7"]
[Round "-"]
[White "Edgar"]
[Black "CesarLMarques"]
[Result "1-0"]
[WhiteElo "2201"]
[BlackElo "2291"]

1. e4 e6 2. Nc3 d5 3. Nf3 Nf6 4. e5 Nfd7 5. d4 c5 6. dxc5 Nc6 7. Bf4 Bxc5 8. Bd3
f6 9. exf6 Qxf6 10. Bg3 O-O 11. O-O Bb4 12. Nb5 a6 13. c3 Be7 14. Nc7 Ra7 15.
Bc2 Rd8 16. Qe2 Nf8 17. Qe3 d4 18. cxd4 Nxd4 19. Be4 Bc5 20. Kh1 Ng6 21. Bxg6
Qxg6 22. Rfd1 Qf6 23. Be5 Nxf3 24. Bxf6 Rxd1+ 25. Rxd1 Bxe3 26. Rd8+ Kf7 27.
fxe3 gxf6 28. gxf3 Ke7 29. Rxc8 Kd7 30. Ra8 Kxc7 31. Rxa7 Kb8 32. Rxa6 bxa6 33.
Kg2 Kc7 34. Kg3 Kd6 35. b3 Kc5 36. a3 Kd6 37. Kg4 e5 38. Kh5 f5 39. Kh6 Kd5 40.
Kg5 Ke6 41. b4 e4 42. f4 h6+ 43. Kg6 1-0

[Event "QA-ANNIV-03"]
[Site "http://www.queenalice.com/game.php?id=360791"]
[Date "2008.2.25"]
[Round "5"]
[White "luciano"]
[Black "Edgar"]
[Result "0-1"]
[WhiteElo "1606"]
[BlackElo "2200"]

1. d4 Nf6 2. c4 e6 3. Nf3 d5 4. Nc3 Bb4 5. cxd5 exd5 6. Bg5 Nc6 7. Qc2 h6 8. Bh4
g5 9. Bg3 g4 10. Nd2 Nxd4 11. Qd3 c5 12. Bh4 Bf5 13. Qe3+ Ne4 14. g3 Nc2+ 15.
Kd1 Nxe3+ 0-1

[Event "AUTO-MASTER-294"]
[Site "http://www.queenalice.com/game.php?id=379894"]
[Date "2008.3.31"]
[Round "2"]
[White "Rusty"]
[Black "Edgar"]
[Result "0-1"]
[WhiteElo "2302"]
[BlackElo "2221"]

1. d4 d5 2. c4 dxc4 3. Nf3 Nf6 4. e3 Bg4 5. Bxc4 e6 6. h3 Bh5 7. O-O Nc6 8. Nc3
a6 9. Be2 Be7 10. b3 O-O 11. Bb2 Nd5 12. Na4 b6 13. Rc1 Qd6 14. a3 Bg6 0-1

[Event "AUTO-MASTER-294"]
[Site "http://www.queenalice.com/game.php?id=379896"]
[Date "2008.3.31"]
[Round "2"]
[White "pensalo"]
[Black "Edgar"]
[Result "1-0"]
[WhiteElo "2404"]
[BlackElo "2290"]

1. e4 e5 2. Nf3 d6 3. d4 exd4 4. Nxd4 g6 5. Bc4 Bg7 6. O-O Nf6 7. Bg5 h6 8. Bxf6
Qxf6 9. c3 O-O 10. f4 Nd7 11. Nd2 Qe7 12. Qf3 c6 13. Qg3 Kh7 14. Rae1 a5 15. Bd3
Kg8 16. Nc4 a4 17. Re3 Nc5 18. f5 Nxd3 19. Rxd3 a3 20. b3 Bd7 21. Qf4 Bf6 22.
Qxh6 Qxe4 23. Rh3 Rfd8 24. Ne6 Bxe6 25. fxe6 Qxe6 26. Qh7+ Kf8 27. Re3 Qxe3+ 28.
Nxe3 Ke7 29. Nf5+ Ke6 30. Qh3 Rf8 31. Nxd6+ Kxd6 32. Rxf6+ Ke7 33. Qh4 Kd7 34.
Qb4 Kc7 35. Qe7+ Kb6 36. Rxf7 Rxf7 37. Qxf7 Rd8 38. Qf4 Rd1+ 39. Kf2 Rd5 40. Ke2
Rd8 41. Qf6 1-0

[Event "AUTO-MASTER-294"]
[Site "http://www.queenalice.com/game.php?id=379897"]
[Date "2008.3.31"]
[Round "2"]
[White "Edgar"]
[Black "pensalo"]
[Result "1-0"]
[WhiteElo "2274"]
[BlackElo "2414"]

1. e4 e6 2. Nf3 d5 3. e5 c5 4. b4 cxb4 5. d4 Nc6 6. Be2 Nge7 7. a3 Nf5 8. c3
bxc3 9. Nxc3 Bd7 10. Rb1 Rc8 11. g4 Nfe7 12. Nb5 Ng6 13. h4 a6 14. Nd6+ Bxd6 15.
exd6 Qa5+ 16. Kf1 b5 17. h5 Nf8 18. g5 h6 19. gxh6 gxh6 20. Rg1 Qd8 21. a4 bxa4
22. Qxa4 Qf6 23. Be3 Qf5 24. Rb7 Nb8 25. Qa1 Nc6 26. Qxa6 Nb8 27. Rxd7 Nxa6 28.
Re7+ Kd8 29. Ne5 Qb1+ 30. Kg2 Rg8+ 31. Kh3 Qf5+ 32. Kh2 Rh8 33. Nxf7+ 1-0

[Event "QA-ANNIV-03"]
[Site "http://www.queenalice.com/game.php?id=413691"]
[Date "2008.6.5"]
[Round "7"]
[White "serginh0w"]
[Black "Edgar"]
[Result "0-1"]
[WhiteElo "1936"]
[BlackElo "2245"]

1. e4 e5 2. Nf3 d6 3. d4 exd4 4. Nxd4 Nf6 5. Nc3 Be7 6. Be2 O-O 7. O-O c5 8. Nf3
Nc6 9. Bg5 Be6 10. Re1 Re8 11. a4 h6 12. Bf4 Nh5 13. Be3 Nf6 0-1

[Event "AUTO-OPEN-965"]
[Site "http://www.queenalice.com/game.php?id=436525"]
[Date "2008.7.21"]
[Round "2"]
[White "Edgar"]
[Black "alexsoncini"]
[Result "1-0"]
[WhiteElo "2267"]
[BlackElo "2095"]

1. e4 e5 2. Nf3 d6 3. Bc4 Be7 4. c3 Bf6 5. d4 Nd7 6. Qb3 Qe7 7. O-O Nb6 8. Be2
Bg4 9. a4 Rb8 10. dxe5 dxe5 11. a5 Nc8 12. Be3 Nh6 13. Bb5+ Kf8 14. Nbd2 Be6 15.
Qa3 Qxa3 16. Rxa3 Be7 17. b4 f6 18. Bc4 Bxc4 19. Nxc4 Nf7 20. Nfd2 a6 21. f4
Ncd6 22. fxe5 Nxc4 23. Nxc4 Ke8 24. exf6 Bxf6 25. Bd4 Bxd4+ 26. cxd4 Ng5 27. Rg3
Nxe4 28. Re3 Rf8 29. Rxe4+ Kd7 30. Ne5+ Kd6 31. Nf7+ Kd5 32. Re7 Kc4 33. Ne5+
Kxb4 34. Rb1+ Kxa5 35. Nc4+ Ka4 36. Re3 b5 37. Ra3# 1-0

[Event "AUTO-OPEN-965"]
[Site "http://www.queenalice.com/game.php?id=436526"]
[Date "2008.7.21"]
[Round "2"]
[White "alexsoncini"]
[Black "Edgar"]
[Result "0-1"]
[WhiteElo "2077"]
[BlackElo "2252"]

1. d4 d6 2. e4 g6 3. Be3 Bg7 4. Nf3 f5 5. exf5 Bxf5 6. Bd3 Nf6 7. Bxf5 gxf5 8.
c3 Qd7 9. Qb3 Nc6 10. Ng5 d5 11. f3 O-O-O 12. Nf7 Qe6 13. Ne5 Nxe5 14. dxe5 Qxe5
15. Kf2 Qd6 16. Qa3 d4 17. Bxd4 Ng4+ 18. fxg4 Qf4+ 19. Ke2 Qxg4+ 20. Kf2 Bxd4+
21. cxd4 Qxd4+ 22. Ke2 Qc4+ 23. Kf2 Qc2+ 24. Ke3 f4+ 25. Kxf4 Rd4+ 26. Ke5 Qe4#
0-1

[Event "Challenge"]
[Site "http://www.queenalice.com/game.php?id=460666"]
[Date "2008.9.9"]
[Round "-"]
[White "Edgar"]
[Black "GMkozakov"]
[Result "1/2-1/2"]
[WhiteElo "2281"]
[BlackElo "2255"]

1. e4 c5 2. Bc4 e6 3. Nc3 Nc6 4. Nf3 Nf6 5. d3 d5 6. exd5 exd5 7. Bb3 Be7 8. O-O
O-O 9. Bf4 Bg4 10. h3 Bxf3 11. Qxf3 Nd4 12. Qg3 Nh5 13. Qg4 Nxb3 14. axb3 Nxf4
15. Qxf4 d4 16. Ne4 f5 17. Ng3 Bd6 18. Qf3 Qd7 19. c4 Bxg3 20. Qxg3 a6 21. Qf4
Rfe8 1/2-1/2

[Event "AUTO-OPEN-965"]
[Site "http://www.queenalice.com/game.php?id=468841"]
[Date "2008.9.26"]
[Round "3"]
[White "Edgar"]
[Black "NatanEstivallet"]
[Result "1-0"]
[WhiteElo "2280"]
[BlackElo "2053"]

1. e4 c6 2. d4 d5 3. e5 Bf5 4. Nf3 e6 5. Be2 Nd7 6. O-O c5 7. c4 dxc4 8. Na3
cxd4 9. Nxc4 Bc5 10. Nxd4 Bg6 11. Nb3 Be7 12. Bf4 Nc5 13. Nd6+ Bxd6 14. exd6
Nxb3 15. d7+ Qxd7 16. Qxb3 a6 17. Rfd1 1-0

[Event "AUTO-OPEN-965"]
[Site "http://www.queenalice.com/game.php?id=468842"]
[Date "2008.9.26"]
[Round "3"]
[White "NatanEstivallet"]
[Black "Edgar"]
[Result "0-1"]
[WhiteElo "1998"]
[BlackElo "2285"]

1. d4 Nc6 2. c4 e6 3. Nf3 d5 4. cxd5 exd5 5. Nc3 Bb4 6. Bg5 Nge7 7. e3 f6 8. Bh4
Bg4 9. Bd3 Qd7 10. O-O O-O-O 11. a3 Bxc3 12. bxc3 h5 13. h3 Bf5 14. Ra2 g5 15.
Bg3 Bxd3 16. Qxd3 h4 17. Bh2 g4 18. hxg4 Qxg4 19. Rb1 h3 20. Ne1 hxg2 0-1

[Event "QA-ANNIV-03"]
[Site "http://www.queenalice.com/game.php?id=469839"]
[Date "2008.9.28"]
[Round "9"]
[White "allazzarini"]
[Black "Edgar"]
[Result "0-1"]
[WhiteElo "2107"]
[BlackElo "2288"]

1. e4 e5 2. Nf3 Nc6 3. Bb5 Nd4 4. Bc4 Nf6 5. Ng5 d5 6. exd5 Bf5 7. d3 b5 8. Bb3
a5 9. d6 Bg6 10. dxc7 Qxc7 11. c3 Nxb3 12. Qxb3 Bxd3 13. Na3 a4 14. Nxb5 Qd7 15.
Qxf7+ Qxf7 16. Nxf7 Kxf7 17. Na3 Bxa3 18. bxa3 Rab8 19. h4 Rhd8 20. Rh3 Rd5 21.
Rf3 Bc4 22. g4 Ke6 0-1

[Event "QA-ANNIV-03"]
[Site "http://www.queenalice.com/game.php?id=525040"]
[Date "2009.1.18"]
[Round "10"]
[White "Edgar"]
[Black "OrlandoRochaFilho"]
[Result "1/2-1/2"]
[WhiteElo "2281"]
[BlackElo "2132"]

1. e4 c5 2. Bc4 e6 3. Nc3 Nf6 4. e5 d5 5. Bb5+ Nfd7 6. Nf3 a6 7. Bxd7+ Bxd7 8.
d3 d4 9. Ne4 Be7 10. Bf4 Bc6 11. Nd6+ Bxd6 12. exd6 Nd7 13. O-O O-O 14. Qe2 Re8
15. Ne5 Nxe5 16. Bxe5 f6 17. Bg3 e5 18. f3 Qxd6 19. b3 b5 20. Rac1 a5 21. a3 Bd5
22. h3 Rec8 23. c4 bxc4 24. bxc4 Bc6 25. Rb1 Rcb8 26. Rxb8+ Rxb8 27. f4 e4 28.
dxe4 Rb3 29. Rf3 Rxf3 30. gxf3 Qe6 31. f5 Qc8 32. Qd3 Qb7 33. Qc2 Qb6 34. Kg2 a4
35. Bf4 Qb3 36. Qc1 Bb7 37. Bd6 Qb6 38. Bf4 Ba6 39. Kg3 Kf7 40. h4 Ke7 41. Kg4
Qb3 42. Bc7 Qxc4 43. Qf4 Kf7 44. Qd6 h5+ 45. Kxh5 Kg8 46. Kg4 d3 1/2-1/2

[Event "Challenge"]
[Site "http://www.queenalice.com/game.php?id=587719"]
[Date "2009.5.13"]
[Round "-"]
[White "brunofernandes"]
[Black "Edgar"]
[Result "1-0"]
[WhiteElo "2165"]
[BlackElo "2267"]

1. e4 e5 2. Nf3 d6 3. Bc4 Be7 4. d4 exd4 5. Nxd4 Nf6 6. Nc3 O-O 7. O-O Ng4 8.
Be6 fxe6 9. Qxg4 Qd7 10. Be3 c5 11. Nde2 e5 12. Qg3 Qg4 13. Nd5 Bd8 14. f3 Qxg3
15. hxg3 Be6 16. Rad1 b5 17. Nec3 b4 18. Nb5 Nc6 19. Nbc7 Bxc7 20. Nxc7 1-0